Statistics for Star Wars Characters

Click here to take the quiz!

General Stats

  • This quiz has been taken 39 times
  • The average score is 13 of 18

Answer Stats

Characters% Correct
Luke skywalker
100%
Darth vader/Anakin Skywalker
90%
Princess Leia
90%
Han solo
87%
Obiwan Kenobi
87%
C-3PO
83%
R2-D2
83%
Yoda
83%
Palpatine/Darth Sidious
67%
Chewbacca
63%
Mace Windu
60%
Boba Fett
57%
Darth Maul
57%
Padmé Amidala
57%
Count Dooku
53%
Jabba the Hutt
47%
Lando Calrissian
47%
Qui-Gon Jinn
47%

Score Distribution

Percentile by Number Answered

Percent of People with Each Score

Your Score History

You have not taken this quiz